| 000 | 00901nam a2200253 a 4500 | ||
|---|---|---|---|
| 001 | 000036199 | ||
| 005 | 20200930074940.0 | ||
| 008 | 120111s1982 sz abd 001 0 spa d | ||
| 020 | _a9243400274 | ||
| 040 |
_aDO-SdBNP _bspa _cBNPHU |
||
| 082 |
_axxx _bQ69p, 1982 |
||
| 245 | 0 | 0 |
_aQuimioterapia del paludismo / _cL. J. Bruce-Chwatt, R. H. Black, Craig J. Canfield, D. F. Clyde, W. Peters, W. H. Wernosdorfer. |
| 250 | _a2a ed. | ||
| 260 |
_aGinebra, Suiza : _bOrganización Mundial de la Salud, _c1982. |
||
| 300 |
_a289 p. : _bil., mapas, diagr. ; _c24 cm. |
||
| 500 | _aIncluye notas al pie de las páginas. | ||
| 500 | _aIncluye índice de onomástico y de materia. | ||
| 700 | 1 |
_aBruce-Chwatt, L. J. _962252 |
|
| 700 | 1 |
_aBlack, R. H. _962253 |
|
| 700 | 1 |
_aCanfield, Craig J. _962254 |
|
| 700 | 1 |
_aClyde, D. F. _962255 |
|
| 700 | 1 |
_aPeters, W. _962256 |
|
| 700 | 1 |
_aWernosdorfer, W. H. _962257 |
|
| 999 |
_c35690 _d35690 |
||